| 000 | 00489nam a2200193Ia 4500 | ||
|---|---|---|---|
| 001 | 13493 | ||
| 008 | 140402s9999 xx 000 0 und d | ||
| 020 | _a1-56052-011-6 | ||
| 040 | _cPK-LaUMT | ||
| 082 |
_a 158.1 _bCHA-A |
||
| 100 | _aChapman, Elwood N. | ||
| 245 |
_aAttitude _byour most priceless possession _cChapman, Elwood N. |
||
| 250 | _a2nd | ||
| 260 |
_aLos Altos,USA: _bCRISP Puboications, _c1990 |
||
| 300 | _a72 p. | ||
| 546 | _aEN | ||
| 650 | _aSelf-esteem | ||
| 942 | _cBK | ||
| 999 |
_c14162 _d14162 |
||